Can You Name All The Characteristics Of Chester From Brawl Stars? - Statistics

General Stats
  • This quiz has been taken 3 times
  • The average score is 9 of 20
Answer Stats
Hint Answer % Correct
Trio Candyland
100%
Class Damage Dealer
100%
Rarity Legendary
100%
Gadgets Candy Beans
50%
Super Jack in the Box
50%
Title Jack Of All Trades
50%
Super Jawbreaker
50%
Prestige Title Joker
50%
Buffies No
50%
Super Pop Rocks
50%
Trait Random
50%
Star Power Single Bell 'O' Mania
50%
Star Power Sneak Peek
50%
Gadgets Spicy Dice
50%
Super Candy Popper
0%
Attack Cap and Bells
0%
Hypercharge Crunchy, Chewy, Gooey
0%
Voice Actor Kai Skrotzki
0%
Super Salmiakki
0%
Super Strong Mint
0%
No matching quizzes found
Score Distribution
Percent of People with Each Score
Percentile by Number Answered
Your Score History
You have not taken this quiz